000 00916nam a2200265Ia 4500
003 OSt
005 20221005110725.0
006 a|||||r|||| 00| 0
007 ta
008 221004b |||||||| |||| 00| 0 hin d
020 _a9788126714247 (hbk)
_c350
024 _a10968
037 _b8178, 20/03/2014, Rajkamal Prakashan Pvt. Ltd.
_cTextual
040 _aCRL
_cCRL
_bhin
041 _2hin
_ahin
082 _aO152,3N1511,KU, N3;Q1
100 _aसाहनी, भीष्म
245 0 _aकुंतो
246 _aKuanto
260 _aनई दिल्ली
_bराजकमल प्रकाशन भारत
_c2011
300 _a331पृ0
_ccm.
650 _aहिन्दी साहित्य
942 _hO152,3N1511,KU, N3;Q1
_cTEXL
_2cc
999 _c1019683
_d1019683